| Tag |
First Indicator |
Second Indicator |
Subfields |
| LEADER |
00000cam a2200000Ia 4500 |
| 001 |
in00003852313 |
| 005 |
20190415181713.0 |
| 006 |
m o d |
| 007 |
cr |n||||||||n |
| 008 |
840615s1906 enk o 000 0 eng d |
| 035 |
|
|
|a (MiFhGG)MOMW203588
|
| 035 |
|
|
|a (OCoLC)797288295
|
| 040 |
|
|
|a TGPSM
|c UtOrBLW
|d UtOrBLW
|
| 043 |
|
|
|a e-uk---
|
| 050 |
|
4 |
|a HX11.F5
|b F335 1906
|
| 110 |
2 |
|
|a Fabian Society (Great Britain)
|0 http://id.loc.gov/authorities/names/n80089179
|
| 245 |
1 |
0 |
|a Report of the special committee appointed in February, 1906, to consider measures for increasing the scope, influence, income, and activity of the Society :
|b together with the Executive Committee's report and resolutions thereon /
|c Fabian Society.
|
| 264 |
|
1 |
|a London :
|b Fabian Society,
|c 1906.
|
| 300 |
|
|
|a 1 online resource (48 pages).
|
| 336 |
|
|
|a text
|b txt
|2 rdacontent
|
| 337 |
|
|
|a computer
|b c
|2 rdamedia
|
| 338 |
|
|
|a online resource
|b cr
|2 rdacarrier
|
| 490 |
1 |
|
|a The making of the modern world. Part 2 (1851-1914)
|
| 500 |
|
|
|a Bound with: Faults of the Fabian.
|
| 500 |
|
|
|a Reproduction from the The Goldsmiths' Library of Economic Literature, Senate House Library, University of London.
|
| 500 |
|
|
|a "To be submitted to the members at Essex Hall, on Fridays, 7th and 14th December, 1906, at 7:30 p.m."
|
| 500 |
|
|
|a Title from cover.
|
| 500 |
|
|
|a Electronic resource.
|
| 610 |
2 |
0 |
|a Fabian Society (Great Britain)
|0 http://id.loc.gov/authorities/names/n80089179
|
| 655 |
|
7 |
|a Electronic books.
|2 local
|
| 710 |
2 |
|
|a Gale (Firm)
|0 http://id.loc.gov/authorities/names/no2008071348
|
| 710 |
2 |
|
|a Fabian Society (Great Britain)
|0 http://id.loc.gov/authorities/names/n80089179
|
| 740 |
0 |
2 |
|a Faults with the Fabian.
|
| 830 |
|
0 |
|a Making of the modern world. Part 2 (1851-1914)
|
| 856 |
4 |
0 |
|u http://proxy.library.tamu.edu/login?url=http://find.galegroup.com/openurl/openurl?url_ver=Z39.88-2004&url_ctx_fmt=info:ofi/fmt:kev:mtx:ctx&res_id=info:sid/gale:MOME&ctx_enc=info:ofi:enc:UTF-8&rft_val_fmt=info:ofi/fmt:kev:mtx:unknown&rft.artnum=U112907290&req_dat=info:sid/gale:ugnid:txshracd2898
|z Connect to the full text of this electronic book
|t 0
|
| 999 |
f |
f |
|s e52cd539-a2b9-361a-a97c-ad41af201106
|i 720f9073-8c38-3b8b-a98a-13ab9bde6331
|t 0
|
| 952 |
f |
f |
|a Texas A&M University
|b College Station
|c Electronic Resources
|d Available Online
|t 0
|e HX11.F5 F335 1906
|h Library of Congress classification
|
| 998 |
f |
f |
|a HX11.F5 F335 1906
|t 0
|l Available Online
|